000 01371cam a2200361 a 4500
001 14045376
005 20060302083046.0
008 040909s2004 ke b 000 0 eng
010 _a 2004410699
020 _a9966836306
035 _a(DLC) 2004410699
040 _aDLC
_cDLC
_dDLC
042 _alcode
043 _af------
050 0 0 _aHN780.Z9
_bC66 2004
082 0 0 _a261.8/73
_222
100 1 _aBanzikiza, Constance R.
245 1 0 _aConsolidating unity and peace in Africa /
_cConstance Bansikiza.
260 _aEldoret, Kenya :
_bAMECEA Gaba Publications,
_c2004.
300 _axiv, 188 p. ;
_c21 cm.
440 0 _aAMECEA Gaba Publications spearhead ;
_vnos. 167-169
504 _aIncludes bibliographical references (p. [183]-188).
650 0 _aConflict management
_zAfrica.
650 0 _aPeace
_zAfrica.
650 0 _aPeace-building
_zAfrica.
650 0 _aPeace
_xReligious aspects
_xChristianity.
650 0 _aChurch and social problems
_zAfrica.
856 4 1 _3Table of contents
_uhttp://www.loc.gov/catdir/toc/fy0604/2004410699.html
906 _a7
_bcbc
_corigode
_d3
_encip
_f20
_gy-gencatlg
942 _2lcc
_cBK
999 _c5421
_d5421